000 00617nam a2200229Ia 4500
003 OSt
005 20220918205345.0
006 a|||||r|||| 00| 0
007 ta
008 220917b |||||||| |||| 00| 0 eng d
024 _a116,257
037 _cTextual
040 _aARTS
_cARTS
_beng
041 _2eng
_aeng
082 _aV63:1:N5, J5 (906)
100 _aTingsten Herbert
_9114867
245 0 _aProblem of South Africa tr from the Swedish by Daniel Viklund
260 _c1955
650 _aHISTORY
942 _hV63:1:N5, J5 (906)
_cTEXL
_2CC
999 _c239585
_d239585